LIBRARY & INFORMATION CENTRE, KCAET, TAVANUR

ONLINE PUBLIC ACCESS CATALOGUE (OPAC)

Code of practice for sub surface exploration for earth and rockfill dams 6955-1973 / (Record no. 7660)

MARC details
000 -LEADER
fixed length control field 00704cam a2200157ua 4500
041 ## - LANGUAGE CODE
Language code of text/sound track or separate title eng
082 ## - DEWEY DECIMAL CLASSIFICATION NUMBER
Classification number 627.89
Item number BUR/CO
245 ## - TITLE STATEMENT
Title Code of practice for sub surface exploration for earth and rockfill dams 6955-1973 /
250 ## - EDITION STATEMENT
Edition statement 1 /
260 ## - PUBLICATION, DISTRIBUTION, ETC. (IMPRINT)
Place of publication :
Name of publisher Bureau of Indian Standards ,
Year of publication 1988.
300 ## - PHYSICAL DESCRIPTION
Number of Pages 22 ; .
942 ## - ADDED ENTRY ELEMENTS (KOHA)
Koha item type Books
Holdings
Withdrawn status Lost status Damaged status Home library Current library Date acquired Full call number Accession Number Koha item type
      KAUAET KAUAET 07/04/2012 627.89 17132 Standards
free website counter